[Event "SR 2. liga A 2006/2007"]
[Site "?"]
[Date "2007.02.03"]
[Round "8.4"]
[White "Vinarcik, Jan"]
[Black "Farkas, Vladimir"]
[Result "1/2-1/2"]
[WhiteElo "2027"]
[BlackElo "2085"]
[PlyCount "65"]
[EventDate "2006.??.??"]

1. e4 d6 2. d4 g6 3. Nc3 Bg7 4. Be3 Nf6 5. f3 O-O 6. Qd2 e5 7. d5 h6 8. O-O-O
Kh7 9. g4 Ne8 10. Bd3 c5 11. Nce2 a6 12. c4 b5 13. Ng3 Nd7 14. b3 Nc7 15. h4
Nb6 16. h5 g5 17. Nh3 f6 18. Qa5 bxc4 19. bxc4 Rb8 20. Rh2 Bd7 21. Rdd2 Na4 22.
Bc2 Rb4 23. Bb3 Qb8 24. Rd3 Qb6 25. Qxb6 Rxb6 26. Bd2 Rfb8 27. Ba5 R6b7 28. Nf2
Na8 29. Nf5 Bf8 30. Nd1 Kg8 31. Rc2 Kf7 32. Kd2 N4b6 33. Nc3 1/2-1/2

[Event "SR 2. liga A 2006/2007"]
[Site "?"]
[Date "2007.02.03"]
[Round "8.5"]
[White "Raczko, Peter"]
[Black "Povysil, Peter"]
[Result "0-1"]
[WhiteElo "2028"]
[BlackElo "2062"]
[PlyCount "24"]
[EventDate "2006.??.??"]

1. e4 e6 2. d4 d5 3. Nd2 Nf6 4. e5 Nfd7 5. Bd3 c5 6. c3 Nc6 7. Ne2 cxd4 8. cxd4
f6 9. Nf4 Qe7 10. exf6 Qxf6 11. Nb3 Bb4+ 12. Bd2 Qxf4 0-1

[Event "SR 2. liga A 2006/2007"]
[Site "?"]
[Date "2007.02.03"]
[Round "8.6"]
[White "Soltes, Milan"]
[Black "Novak, Stanislav"]
[Result "1/2-1/2"]
[WhiteElo "1692"]
[BlackElo "2017"]
[PlyCount "24"]
[EventDate "2006.??.??"]

1. c4 e6 2. Nf3 d5 3. cxd5 exd5 4. d4 Nf6 5. g3 g6 6. Bg2 Bg7 7. O-O O-O 8. Nc3
b6 9. Bg5 Bb7 10. Ne5 h6 11. Bxf6 Bxf6 12. f4 c6 1/2-1/2

[Event "SR 2. liga A 2006/2007"]
[Site "?"]
[Date "????.??.??"]
[Round "8.6"]
[White "Sturc, Gustav"]
[Black "Obdrzalkova, Anita"]
[Result "1/2-1/2"]
[WhiteElo "2173"]
[BlackElo "2058"]
[PlyCount "61"]
[EventDate "2006.??.??"]

1. e4 c5 2. Nf3 d6 3. Bc4 Nf6 4. d3 e6 5. O-O Be7 6. Re1 O-O 7. Nc3 Nc6 8. a4
d5 9. Ba2 Nb4 10. Bb3 b6 11. e5 Nd7 12. Ne2 Ba6 13. Ng3 Qc7 14. Bf4 c4 15. dxc4
dxc4 16. Ba2 Nxa2 17. Rxa2 Nc5 18. Ng5 Rad8 19. Qg4 Bb7 20. Nh5 g6 21. Nf6+
Bxf6 22. exf6 Qc6 23. Nxh7 Kxh7 24. Qh3+ Kg8 25. Be5 Qxg2+ 26. Qxg2 Bxg2 27.
Kxg2 Rd2 28. Rc1 Ne4 29. Kf3 Nc5 30. Ra3 Rfd8 31. Rc3 1/2-1/2

[Event "SR 2. liga A 2006/2007"]
[Site "?"]
[Date "????.??.??"]
[Round "8.6"]
[White "Varga, David"]
[Black "Djubek, Boris"]
[Result "1-0"]
[WhiteElo "2184"]
[BlackElo "2174"]
[PlyCount "81"]
[EventDate "2006.??.??"]

1. e4 e5 2. Nf3 Nc6 3. d4 exd4 4. c3 d3 5. Qxd3 d6 6. Bf4 Be7 7. Na3 Nf6 8.
O-O-O O-O 9. h3 a6 10. Nc2 Be6 11. Kb1 d5 12. exd5 Qxd5 13. Qxd5 Nxd5 14. Bh2
Rad8 15. Nfd4 Nxd4 16. Nxd4 c5 17. Nxe6 Nxc3+ 18. bxc3 Rxd1+ 19. Kc2 Rxf1 20.
Rxf1 fxe6 21. c4 b5 22. f3 Rd8 23. Be5 Bf6 24. Re1 Kf7 25. Re3 bxc4 26. Bxf6
Kxf6 27. Ra3 Rd6 28. Ra5 Rc6 29. Ra4 Ke5 30. Rxc4 Kd5 31. Rf4 Rc7 32. Rf8 e5
33. Kc3 Rb7 34. Rd8+ Ke6 35. Ra8 Rb6 36. Ra7 Kd5 37. Rxg7 Rg6 38. Rxg6 hxg6 39.
h4 e4 40. fxe4+ Kxe4 41. g4 1-0

[Event "SR 2. liga A 2006/2007"]
[Site "?"]
[Date "????.??.??"]
[Round "8.7"]
[White "Kolesar, Rastislav"]
[Black "Oprea, Erik"]
[Result "0-1"]
[WhiteElo "1907"]
[BlackElo "2138"]
[PlyCount "120"]
[EventDate "2006.??.??"]

1. e4 d5 2. exd5 Qxd5 3. Nc3 Qa5 4. d4 c6 5. Nf3 Bg4 6. Be2 e6 7. h3 Bh5 8. Bd2
Qc7 9. Ne5 Bg6 10. Bf4 Bd6 11. Nxg6 hxg6 12. Bxd6 Qxd6 13. Qd2 Nf6 14. O-O-O
Nbd7 15. Bc4 b5 16. Bb3 Nb6 17. Rhe1 O-O 18. Ne4 Nxe4 19. Rxe4 a5 20. a3 a4 21.
Ba2 Nd5 22. Bxd5 Qxd5 23. f3 Rfd8 24. Qb4 Qa2 25. Rd3 Rd5 26. Kd2 Rad8 27. Ke2
Qc4 28. c3 Rg5 29. Rg4 Rgd5 30. Qxc4 bxc4 31. Rd2 Kf8 32. Re4 Ke7 33. Re5 g5
34. Ke3 Rh8 35. f4 gxf4+ 36. Kxf4 Rh4+ 37. Kg3 Rh6 38. Rde2 Rf6 39. h4 Rf1 40.
Re1 Rf6 41. R1e2 Rg6+ 42. Kf3 Rf6+ 43. Kg3 Kd6 44. Kh3 Rf5 45. Rxf5 Rxf5 46. g4
Rf3+ 47. Kg2 Rd3 48. h5 f6 49. Kf2 Ke7 50. Re3 Rd2+ 51. Re2 Rxe2+ 52. Kxe2 Kf7
53. Kf3 g6 54. hxg6+ Kxg6 55. Ke3 Kg5 56. Kf3 f5 57. gxf5 exf5 58. Kg3 f4+ 59.
Kf3 Kf5 60. Kf2 Ke4 0-1

[Event "SR 2. liga A 2006/2007"]
[Site "?"]
[Date "2007.02.03"]
[Round "8.7"]
[White "Susko, Peter"]
[Black "Luchs, Robert"]
[Result "1-0"]
[WhiteElo "1944"]
[BlackElo "1881"]
[PlyCount "53"]
[EventDate "2006.??.??"]

1. d4 d5 2. Nf3 Nf6 3. Bg5 e6 4. e3 Nbd7 5. Bd3 Be7 6. h4 O-O 7. Nbd2 c5 8. c3
cxd4 9. exd4 b6 10. Qe2 Re8 11. O-O-O Nf8 12. Ne5 Ng6 13. h5 Nxe5 14. dxe5 Nd7
15. Bxe7 Qxe7 16. f4 Bb7 17. Rh2 Rac8 18. Kb1 h6 19. Nb3 Red8 20. Nd4 Nc5 21.
Bc2 Ba6 22. Qe3 Rc7 23. g4 Nd7 24. g5 hxg5 25. fxg5 f5 26. gxf6 gxf6 27. Rg1+
1-0

[Event "SR 2. liga A 2006/2007"]
[Site "?"]
[Date "????.??.??"]
[Round "8.8"]
[White "Isa, Vlastimil"]
[Black "Ujhelyi, Matus"]
[Result "0-1"]
[WhiteElo "2032"]
[BlackElo "1855"]
[PlyCount "116"]
[EventDate "2006.??.??"]

1. e4 e6 2. d4 d5 3. e5 c5 4. c3 Nc6 5. Nf3 cxd4 6. cxd4 Qb6 7. a3 Nge7 8. b4
a6 9. Be2 Bd7 10. O-O Nf5 11. Bb2 Na7 12. Nc3 Nb5 13. Na4 Qa7 14. Nc5 Bxc5 15.
dxc5 b6 16. Bd3 bxc5 17. Bxf5 exf5 18. e6 Bxe6 19. Bxg7 Rg8 20. Bb2 d4 21. bxc5
Bd5 22. a4 Qb7 23. Qe2+ Kd8 24. Kh1 Nc3 25. Bxc3 dxc3 26. Qd3 Qb3 27. Rad1 Kc7
28. Qxd5 Qxd5 29. Rxd5 Rad8 30. Rd6 Rxd6 31. cxd6+ Kxd6 32. Rc1 Rc8 33. Kg1 Kd5
34. Kf1 Kc4 35. Ne5+ Kb3 36. Nd3 Kxa4 37. Ke2 Kb3 38. Kd1 Rd8 39. Ke2 a5 40.
Ra1 c2 41. g3 Rxd3 42. Kxd3 Kb2 43. Ra2+ Kxa2 44. Kxc2 Ka3 45. Kc3 h5 46. h3
Ka4 47. Kc4 f6 48. f3 f4 49. g4 h4 50. Kd5 Kb4 51. Ke6 a4 52. Kxf6 a3 53. Kf5
a2 54. Kxf4 a1=Q 55. Kg5 Qh8 56. f4 Kc5 57. f5 Kd6 58. Kg6 Ke5 0-1

[Event "SR 2. liga A 2006/2007"]
[Site "?"]
[Date "2007.02.03"]
[Round "8.8"]
[White "Mikulasek, Viktor"]
[Black "Ulehla, Dag"]
[Result "0-1"]
[WhiteElo "1647"]
[BlackElo "1930"]
[PlyCount "70"]
[EventDate "2006.??.??"]

1. d4 d5 2. c4 e6 3. Nf3 Nf6 4. Bg5 Nbd7 5. Nc3 Be7 6. Rc1 c6 7. e3 O-O 8. Be2
b6 9. O-O Bb7 10. h3 Rc8 11. Nh2 dxc4 12. Bxc4 Nd5 13. Bxe7 Qxe7 14. Ne2 Rfe8
15. e4 N5f6 16. e5 Nd5 17. Qd3 c5 18. Bb5 Red8 19. Bxd7 Rxd7 20. dxc5 Rxc5 21.
Rxc5 Qxc5 22. Rc1 Nf4 23. Qxd7 Nxe2+ 24. Kf1 Qxc1+ 25. Kxe2 Ba6+ 26. Kf3 h6 27.
Qxa7 Qc6+ 28. Kg3 Bd3 29. Qa3 Qe4 30. Qb3 Qxe5+ 31. f4 Qe1+ 32. Kg4 Bf5+ 33.
Kf3 Qe4+ 34. Kg3 g5 35. fxg5 Qe5+ 0-1

[Event "SR 2. liga A 2006/2007"]
[Site "?"]
[Date "2007.02.04"]
[Round "9"]
[White "Biro, Karol"]
[Black "Skreno, Vladimir"]
[Result "0-1"]
[WhiteElo "2191"]
[BlackElo "2156"]
[Annotator "Fabry"]
[PlyCount "94"]
[EventDate "2006.??.??"]

1. c4 Nf6 2. Nc3 g6 3. g3 Bg7 4. Bg2 O-O 5. d4 d6 6. e3 c6 7. Nge2 d5 8. cxd5
cxd5 9. Nf4 e6 10. O-O Nc6 11. b3 Re8 12. Bb2 a6 13. Na4 Bd7 14. Nc5 b6 15.
Nxd7 Qxd7 16. Qe2 Rec8 17. Rfc1 Qb7 18. Nd3 Bf8 19. h3 Nb4 20. Nxb4 Bxb4 21.
Bf1 b5 22. a3 Bd6 23. Bc3 Bxa3 24. Rxa3 b4 25. Rxa6 Rxc3 26. Rxc3 bxc3 27.
Rxa8+ Qxa8 28. Qe1 Ne4 29. Bd3 Nd2 30. Qc1 Qa5 31. Bc2 Qb4 32. Kg2 Qa5 33. Bd1
Qb5 34. Bc2 Qa6 35. Qd1 Qa3 36. g4 h6 37. f3 Qb2 38. Kg3 Nf1+ 39. Kf2 Nd2 40.
Kg3 Kg7 41. h4 Nf1+ 42. Kf2 Nd2 43. Kg3 Kf8 44. g5 h5 45. Kf4 Nxb3 46. e4 Na1
47. exd5 exd5 0-1

[Event "SR 2. liga A 2006/2007"]
[Site "?"]
[Date "2007.02.04"]
[Round "9"]
[White "Hebelka, Milos"]
[Black "Hertel, Ondrej"]
[Result "0-1"]
[WhiteElo "2116"]
[BlackElo "1990"]
[Annotator "Fabry"]
[PlyCount "102"]
[EventDate "2006.??.??"]

1. e4 c6 2. d4 d5 3. e5 Bf5 4. Nc3 e6 5. g4 Bg6 6. h4 h5 7. g5 Nd7 8. Nge2 Bf5
9. Ng3 g6 10. Nxf5 exf5 11. Ne2 Bg7 12. Nf4 Nf8 13. c3 Ne6 14. b4 Ne7 15. a4 a6
16. a5 Nc8 17. Nd3 Bf8 18. Nc5 Bxc5 19. bxc5 Na7 20. Qd3 Nb5 21. Bd2 Qc7 22.
Rh3 O-O-O 23. Rf3 Rhe8 24. Bh3 Kb8 25. Kd1 Ka8 26. Kc2 Re7 27. Be3 Red7 28. Bf4
Qb8 29. Kb3 Qa7 30. Kb4 Nbc7 31. Be3 Kb8 32. Rb1 Ka8 33. Ka4 Nb5 34. Rb4 Qb8
35. Bd2 Qa7 36. Bxf5 gxf5 37. Qxf5 Qxc5 38. Qd3 Qe7 39. Rb3 c5 40. Rxb5 axb5+
41. Qxb5 cxd4 42. c4 Nc5+ 43. Ka3 Nd3+ 44. Ka2 dxc4 45. g6 fxg6 46. Bg5 Qxe5
47. Qb6 Qe2+ 48. Ka1 Qxf3 49. Bxd8 Qd1+ 50. Ka2 Qa4+ 51. Kb1 Nb4 0-1

[Event "SR 2. liga A 2006/2007"]
[Site "?"]
[Date "2007.02.04"]
[Round "9"]
[White "Klemanic, Emil"]
[Black "Tepper, Frantisek"]
[Result "1-0"]
[WhiteElo "2293"]
[BlackElo "2171"]
[Annotator "Fabry"]
[PlyCount "73"]
[EventDate "2006.??.??"]

1. d4 Nf6 2. c4 g6 3. Nc3 Bg7 4. e4 d6 5. Be2 O-O 6. Nf3 e5 7. O-O Nc6 8. d5
Ne7 9. b4 a5 10. Ba3 Ne8 11. bxa5 Rxa5 12. Bb4 Ra8 13. c5 h6 14. Nd2 f5 15. f3
f4 16. Nc4 g5 17. a4 h5 18. Nb5 Rf6 19. Rc1 Rg6 20. Nxc7 dxc5 21. Nxe8 Qxe8 22.
Bxc5 Bd7 23. Nb6 Rxb6 24. Bxb6 Bxa4 25. Qd2 Bd7 26. Rc7 Nc8 27. Rxb7 Bf6 28.
Rc1 Nd6 29. Ra7 Rxa7 30. Bxa7 Nf7 31. Rc7 Bb5 32. Bxb5 Qxb5 33. Qc3 Kg7 34. h3
h4 35. Qc6 Qb1+ 36. Kh2 Qe1 37. Qb7 1-0

[Event "SR 2. liga A 2006/2007"]
[Site "?"]
[Date "2007.02.04"]
[Round "9"]
[White "Malar, Pavol"]
[Black "Fabry, Robert"]
[Result "1/2-1/2"]
[WhiteElo "2078"]
[BlackElo "2206"]
[Annotator "Fabry"]
[PlyCount "87"]
[EventDate "2006.??.??"]

1. e4 e5 2. Nf3 Nc6 3. Bb5 a6 4. Ba4 Nf6 5. O-O Be7 6. Re1 b5 7. Bb3 O-O 8. c3
d5 9. exd5 Nxd5 10. Nxe5 Nxe5 11. Rxe5 c6 12. d4 Bd6 13. Re1 Qh4 14. g3 Qh3 15.
Re4 g5 16. Qf1 Qxf1+ 17. Kxf1 Bh3+ 18. Kg1 f5 19. Re1 Rae8 20. Bd2 Kg7 21. Bxd5
cxd5 22. f3 h5 23. a4 f4 24. Rxe8 Rxe8 25. Kf2 fxg3+ 26. hxg3 h4 27. gxh4 gxh4
28. f4 Bf5 29. axb5 axb5 30. Be3 h3 31. Nd2 Kf6 32. Rh1 Rg8 33. Rh2 Rc8 34. Nf3
b4 35. Bd2 bxc3 36. bxc3 Rb8 37. Ng5 Rh8 38. Kg3 Rg8 39. Kf3 Rh8 40. Be1 Rh6
41. Bg3 Rh8 42. Ra2 Rc8 43. Be1 Re8 44. Bg3 1/2-1/2

[Event "SR 2. liga A 2006/2007"]
[Site "?"]
[Date "2007.02.04"]
[Round "9"]
[White "Peska, Juraj"]
[Black "Mikulas, Dusan"]
[Result "0-1"]
[WhiteElo "1955"]
[BlackElo "2167"]
[Annotator "Fabry"]
[PlyCount "58"]
[EventDate "2006.??.??"]

1. c4 e5 2. Nc3 d6 3. g3 Nc6 4. Bg2 Be6 5. d3 g6 6. Nf3 Bg7 7. O-O Nge7 8. Bd2
h6 9. Qc1 Qd7 10. Rb1 Bh3 11. b4 Bxg2 12. Kxg2 Nf5 13. b5 Ncd4 14. Nxd4 Nxd4
15. e3 Ne6 16. f4 exf4 17. exf4 f5 18. Ne2 a6 19. a4 axb5 20. axb5 Ra2 21. Rf2
Nc5 22. Bc3 O-O 23. Bxg7 Qxg7 24. Qd1 Re8 25. Rc1 Re3 26. Rc2 Rxc2 27. Qxc2
Nxd3 28. Rf1 Qe7 29. Kg1 Nb4 0-1

[Event "SR 2. liga A 2006/2007"]
[Site "?"]
[Date "????.??.??"]
[Round "9.1"]
[White "Eged, Igor"]
[Black "Lesny, Stefan"]
[Result "0-1"]
[WhiteElo "2099"]
[BlackElo "2103"]
[PlyCount "52"]
[EventDate "2006.??.??"]

1. f4 e6 2. c4 b6 3. Nf3 Bb7 4. e3 Nf6 5. Nc3 c5 6. g3 Nc6 7. Bg2 d6 8. O-O Be7
9. d4 O-O 10. Re1 Rc8 11. a3 Na5 12. b3 cxd4 13. Nb5 a6 14. Nbxd4 d5 15. Nd2
Qd7 16. cxd5 Nxd5 17. N2f3 Nc3 18. Qd2 Ne4 19. Qe2 Bf6 20. b4 Nc4 21. Qd3 Rfd8
22. Ra2 b5 23. Rd1 Ba8 24. Rc2 Qd5 25. Nd2 Bxd4 26. Rxc4 bxc4 0-1

[Event "SR 2. liga A 2006/2007"]
[Site "?"]
[Date "2007.02.04"]
[Round "9.1"]
[White "Petrik, Karol"]
[Black "Bednar, Jan"]
[Result "1/2-1/2"]
[WhiteElo "2136"]
[BlackElo "2176"]
[PlyCount "120"]
[EventDate "2006.??.??"]

1. d4 Nf6 2. Nf3 g6 3. Bg5 Bg7 4. Nbd2 c5 5. c3 b6 6. Bxf6 exf6 7. dxc5 bxc5 8.
Ne4 Qb6 9. Nd6+ Ke7 10. Nc4 Qe6 11. Ncd2 Nc6 12. e3 Rd8 13. Be2 Rb8 14. Qc2 d5
15. O-O Kf8 16. Rfe1 Qd6 17. Rad1 f5 18. Qa4 Qc7 19. Nb3 Ne7 20. Qa3 c4 21.
Nbd4 Kg8 22. b3 cxb3 23. axb3 Bf8 24. c4 Nc6 25. Qa4 Nxd4 26. Nxd4 Bd7 27. Qa2
f4 28. exf4 Qxf4 29. cxd5 Bc5 30. Nf3 Bg4 31. Qa4 Rb4 32. Qc6 Rc8 33. g3 Rxc6
34. gxf4 Rf6 35. Ne5 Bf5 36. Bc4 Bd6 37. Kg2 Bc2 38. Ra1 Bxb3 39. Bxb3 Rxb3 40.
Ra4 h6 41. Ree4 Kg7 42. Ng4 Rf5 43. Ne3 Rf6 44. Rxa7 Rxf4 45. Re8 Rb2 46. Nd1
Rd2 47. Ra1 Rxd5 48. Rd8 Rg5+ 49. Kf1 Bc5 50. Rd3 Rh5 51. h3 Rhf5 52. Ra2 h5
53. Kg2 g5 54. Rc2 Kg6 55. Rdc3 Bd4 56. Rd3 h4 57. Rcd2 Bc5 58. Rd5 Rxd5 59.
Rxd5 Rd4 60. Rxc5 Rxd1 1/2-1/2

[Event "SR 2. liga A 2006/2007"]
[Site "?"]
[Date "2007.02.04"]
[Round "9.1"]
[White "Tibensky, Robert"]
[Black "Frindt, Kornel"]
[Result "1-0"]
[WhiteElo "2409"]
[BlackElo "2216"]
[PlyCount "95"]
[EventDate "2006.??.??"]

1. d4 g6 2. Nf3 Bg7 3. c4 Nf6 4. g3 O-O 5. Bg2 d6 6. O-O Nbd7 7. Nc3 e5 8. e4
exd4 9. Nxd4 Re8 10. h3 Nc5 11. Re1 a5 12. b3 Bd7 13. Rb1 Qc8 14. g4 Ne6 15.
Nde2 Bc6 16. Nd5 Nc5 17. Ng3 Nxd5 18. cxd5 Bb5 19. Bf1 Bxf1 20. Kxf1 h5 21. f3
Qd7 22. Kg2 hxg4 23. hxg4 Qb5 24. Be3 b6 25. g5 Be5 26. Rh1 Qd3 27. Qxd3 Nxd3
28. Ne2 Nb4 29. Rhc1 Nxa2 30. Rxc7 b5 31. Nd4 b4 32. Nc6 Bg7 33. Bf4 Nc3 34.
Rh1 Bf8 35. Rb7 Ne2 36. Bh2 Ra6 37. Ra1 Rea8 38. Nb8 Nd4 39. Nxa6 Rxa6 40. Rb1
Ne2 41. Rb8 Nc3 42. Ra1 Kg7 43. Rxb4 Be7 44. Rc4 Nb5 45. Rc6 Ra7 46. Rb6 Nd4
47. Bg1 Ne2 48. Be3 1-0

[Event "SR 2. liga A 2006/2007"]
[Site "?"]
[Date "????.??.??"]
[Round "9.2"]
[White "Farkas, Gabor"]
[Black "Bednar, Miroslav"]
[Result "1-0"]
[WhiteElo "2240"]
[BlackElo "2102"]
[PlyCount "61"]
[EventDate "2006.??.??"]

1. e4 e5 2. Nf3 d6 3. d4 Nf6 4. Nc3 Nbd7 5. Bc4 Be7 6. O-O O-O 7. Be3 c6 8. a4
Qc7 9. Qd2 Nxe4 10. Bxf7+ Rxf7 11. Nxe4 d5 12. Neg5 Bxg5 13. Nxg5 Rf6 14. dxe5
Nxe5 15. Bd4 Ng4 16. f4 Rf8 17. h3 Nf6 18. Rae1 Bf5 19. g4 Ne4 20. Qb4 c5 21.
Qb3 Nxg5 22. Be5 Qc6 23. gxf5 Nf7 24. Qg3 Qh6 25. f6 Rfe8 26. Re2 g6 27. Rff2
b6 28. Rg2 Nxe5 29. fxe5 Qc1+ 30. Kh2 Qxb2 31. c3 1-0

[Event "SR 2. liga A 2006/2007"]
[Site "?"]
[Date "2007.02.04"]
[Round "9.2"]
[White "Krajnak, Robert"]
[Black "Maslik, Miroslav"]
[Result "1-0"]
[WhiteElo "2116"]
[BlackElo "2259"]
[PlyCount "71"]
[EventDate "2006.??.??"]

1. c4 c5 2. Nf3 Nf6 3. d4 cxd4 4. Nxd4 b6 5. Nc3 Bb7 6. Bg5 d6 7. Bxf6 gxf6 8.
e4 Nc6 9. Be2 Rg8 10. O-O e6 11. Re1 f5 12. Nxc6 Bxc6 13. Bf3 fxe4 14. Bxe4
Bxe4 15. Nxe4 Be7 16. Qh5 Rg7 17. Rad1 Qc7 18. Nxd6+ Bxd6 19. Rxe6+ Be7 20.
Rde1 Kf8 21. Rxe7 Qxc4 22. Qe5 Qc6 23. g3 f6 24. Qe3 Rxe7 25. Qxe7+ Kg8 26. Re4
f5 27. Rh4 Qc1+ 28. Kg2 Qc6+ 29. Kh3 h6 30. Qe3 Kh7 31. Qe7+ Kg8 32. Qe5 Rf8
33. Rd4 Qg6 34. Rd6 Qg4+ 35. Kg2 f4 36. f3 {
dalej je partiar necitatelny, po 59. tahu biely vyhral} 1-0

[Event "SR 2. liga A 2006/2007"]
[Site "?"]
[Date "2007.02.04"]
[Round "9.2"]
[White "Machalova, Erika"]
[Black "Bronis, Marian"]
[Result "1/2-1/2"]
[WhiteElo "2161"]
[BlackElo "2155"]
[PlyCount "88"]
[EventDate "2006.??.??"]

1. d4 c5 2. d5 Nf6 3. c4 e6 4. Nc3 exd5 5. cxd5 d6 6. e4 g6 7. f4 Bg7 8. Nf3
O-O 9. Bd3 Re8 10. O-O c4 11. Bc2 Nbd7 12. Be3 Nf8 13. Bd4 Bd7 14. a4 b6 15.
Kh1 a6 16. Re1 Bg4 17. Qd2 Bxf3 18. gxf3 Nh5 19. Bxg7 Kxg7 20. Qd4+ Qf6 21.
Qxf6+ Kxf6 22. Ne2 Nd7 23. Kg2 Nc5 24. Red1 Red8 25. Kf2 b5 26. Ke3 Ke7 27. Nd4
Kd7 28. axb5 Rdb8 29. Ra5 axb5 30. Rda1 Rxa5 31. Rxa5 b4 32. Ra7+ Rb7 33. Rxb7+
Nxb7 34. Ba4+ Kc7 35. Nc2 Nc5 36. Bb5 Nd3 37. Bxc4 Nxb2 38. Bb3 Nd1+ 39. Kd2
Nf2 40. Nxb4 Nxf4 41. Ke3 N2h3 42. Nc6 Ng2+ 43. Ke2 Ngf4+ 44. Ke3 Ng2+ 1/2-1/2

[Event "SR 2. liga A 2006/2007"]
[Site "?"]
[Date "2007.02.04"]
[Round "9.3"]
[White "Hartl, Jan"]
[Black "Farkas, Vladimir"]
[Result "1/2-1/2"]
[WhiteElo "2171"]
[BlackElo "2085"]
[PlyCount "55"]
[EventDate "2006.??.??"]

1. e4 d6 2. d4 g6 3. f4 Bg7 4. Nc3 Nf6 5. e5 dxe5 6. dxe5 Qxd1+ 7. Kxd1 Ng4 8.
Ke1 c6 9. h3 Nh6 10. g4 Nd7 11. Be3 Nb6 12. Nf3 Be6 13. Nd4 Bc4 14. Ne4 O-O-O
15. Kf2 Bd5 16. Bg2 Nc4 17. b3 Nxe3 18. Kxe3 f5 19. g5 Nf7 20. c4 Bxe4 21. Bxe4
fxe4 22. Ne6 Rdg8 23. Rad1 Nd8 24. Rxd8+ Rxd8 25. Nxg7 Rd3+ 26. Kxe4 Rd2 27. h4
Rhd8 28. h5 1/2-1/2

[Event "SR 2. liga A 2006/2007"]
[Site "?"]
[Date "????.??.??"]
[Round "9.3"]
[White "Hricak, Vasil"]
[Black "Petenyi, Tamas"]
[Result "0-1"]
[WhiteElo "2043"]
[BlackElo "2125"]
[PlyCount "70"]
[EventDate "2006.??.??"]

1. e4 c5 2. Nf3 d6 3. d4 cxd4 4. Nxd4 Nf6 5. Nc3 e6 6. Bg5 a6 7. Qd2 Be7 8.
O-O-O Qc7 9. f4 Nbd7 10. Nf3 b5 11. Bd3 Bb7 12. Rde1 Nc5 13. Bxf6 gxf6 14. Kb1
O-O-O 15. a3 Kb8 16. Rhf1 d5 17. exd5 Bxd5 18. Nxd5 Rxd5 19. Re3 Qxf4 20. Qe2
Qc7 21. c3 f5 22. Bc2 Bf6 23. Rd1 Rhd8 24. Rxd5 Rxd5 25. g3 h6 26. Qf1 Qb6 27.
Re1 a5 28. Rd1 Rxd1+ 29. Qxd1 b4 30. cxb4 axb4 31. a4 b3 32. Bd3 Qc6 33. Bb5
Qe4+ 34. Ka1 Kc7 35. Nd2 Qc2 0-1

[Event "SR 2. liga A 2006/2007"]
[Site "?"]
[Date "2007.02.04"]
[Round "9.3"]
[White "Kebis, Milos"]
[Black "Magyar, Frantisek"]
[Result "1-0"]
[WhiteElo "2053"]
[BlackElo "2104"]
[PlyCount "81"]
[EventDate "2006.??.??"]

1. c4 Nf6 2. Nc3 g6 3. e4 d6 4. d4 Bg7 5. Nf3 O-O 6. Be2 e5 7. Be3 Nc6 8. d5
Ne7 9. c5 Ng4 10. cxd6 cxd6 11. Bd2 f5 12. O-O h6 13. Rc1 a6 14. Qa4 Bd7 15.
Qb4 Bc8 16. Ne1 Nf6 17. Bd3 b5 18. a4 f4 19. Be2 a5 20. Qb3 b4 21. Nb5 Nxe4 22.
Nf3 g5 23. Bd3 Bf5 24. Rfe1 Nxd2 25. Nxd2 Bxd3 26. Qxd3 Nf5 27. Nc7 g4 28. Nxa8
Qxa8 29. Rc6 Qd8 30. Ne4 Qh4 31. Rec1 Nd4 32. Rc8 f3 33. Rxf8+ Bxf8 34. Ng3 Qg5
35. Rc7 Bg7 36. Rc8+ Bf8 37. Qe3 Qg6 38. Rc7 h5 39. Kf1 fxg2+ 40. Kxg2 h4 41.
Qe4 1-0

[Event "SR 2. liga A 2006/2007"]
[Site "?"]
[Date "????.??.??"]
[Round "9.4"]
[White "Bebiak, Jozef"]
[Black "Vimmer, Michal"]
[Result "1/2-1/2"]
[WhiteElo "2145"]
[BlackElo "1985"]
[PlyCount "102"]
[EventDate "2006.??.??"]

1. e4 c5 2. c3 d5 3. exd5 Qxd5 4. d4 Nc6 5. Nf3 Nf6 6. Be3 cxd4 7. cxd4 Bg4 8.
Be2 e6 9. O-O Bd6 10. h3 Bh5 11. Nc3 Qa5 12. a3 O-O 13. b4 Qd8 14. Nd2 Bxe2 15.
Nxe2 Ne7 16. Nf3 Nfd5 17. Qd2 Rc8 18. Rac1 Rxc1 19. Rxc1 Qb8 20. Nc3 Nxc3 21.
Qxc3 Rc8 22. Qd3 Rxc1+ 23. Bxc1 Qc7 24. Bd2 h6 25. Ne5 Nc6 26. Nc4 Ne7 27. Nxd6
Qxd6 28. Qb5 Qc6 29. Qc5 Qxc5 30. dxc5 Kf8 31. Kf1 a6 32. Ke2 Ke8 33. Kd3 Kd7
34. Kc4 Kc6 35. g4 Nd5 36. f3 Nc7 37. h4 Nb5 38. Bc1 Na7 39. h5 Nc8 40. Bb2 f6
41. f4 Ne7 42. a4 Nd5 43. Bc1 Ne7 44. Bd2 g6 45. Bc3 gxh5 46. gxh5 Nd5 47. Bd2
f5 48. b5+ axb5+ 49. axb5+ Kd7 50. Kd4 Nf6 51. Ke5 Ng4+ 1/2-1/2

[Event "SR 2. liga A 2006/2007"]
[Site "?"]
[Date "2007.02.04"]
[Round "9.4"]
[White "Janos, Jozef"]
[Black "Gajarsky, Roman"]
[Result "1-0"]
[WhiteElo "2235"]
[BlackElo "2008"]
[Annotator "Janos"]
[PlyCount "105"]
[EventDate "2006.??.??"]
[TimeControl "180+3"]

{608MB, Junior8.ctg, JANOS-L1ZSMESHH} 1. d4 d5 2. Nf3 c6 3. Bf4 f5 4. e3 Nf6 5.
Nbd2 Ne4 6. Ne5 g6 7. Nxe4 fxe4 8. h4 Nd7 9. h5 Nxe5 10. Bxe5 Rg8 11. hxg6 hxg6
12. Qd2 $16 Be6 13. f3 Bg7 14. Bxg7 Rxg7 15. fxe4 Qb6 16. Qc3 O-O-O 17. exd5
Bxd5 18. O-O-O Rf7 19. Bd3 Bxg2 20. Rhg1 Rf2 21. Rd2 Rxd2 22. Qxd2 Bd5 23. b3
Rh8 24. Bxg6 $16 a5 25. e4 Be6 26. Rd1 a4 27. d5 axb3 28. axb3 Bg4 29. Re1 (29.
Qf4 $142 $1 Bxd1 30. Bf5+ e6 31. Bxe6+ Kd8 32. Qd6+ Ke8 33. Qd7+ Kf8 34. Qf7#)
29... Qc7 30. dxc6 bxc6 31. Qg5 $18 Be6 32. Bf5 Bxf5 33. Qxf5+ Kb8 34. Rd1 Rd8
35. Rxd8+ Qxd8 36. Qe5+ Kc8 37. Kb2 Qd7 38. Kc3 Qb7 39. Qe6+ Kd8 40. Qc4 Kc7
41. Qc5 $18 Kd7 42. Qf5+ Kd8 43. Qe6 (43. b4 $142) 43... Qb5 44. Qf5 Qb6 45.
Qe5 Ke8 46. Qh8+ Kf7 47. Qh5+ Kf8 48. Kd3 Qa6+ 49. Ke3 Qb6+ 50. Kf3 Qa6 51. Qh3
Ke8 52. Kf4 Kd8 53. Qd3+ 1-0

[Event "SR 2. liga A 2006/2007"]
[Site "?"]
[Date "2007.02.04"]
[Round "9.4"]
[White "Polacik, Igor"]
[Black "Vinarcik, Jan"]
[Result "1-0"]
[WhiteElo "2118"]
[BlackElo "2027"]
[PlyCount "53"]
[EventDate "2006.??.??"]

1. e4 e5 2. Nf3 Nc6 3. c3 d6 4. d4 Bd7 5. Bc4 Qe7 6. O-O g6 7. Ng5 Nh6 8. f4 f6
9. Nf3 exf4 10. Bxf4 g5 11. Nxg5 Bg4 12. Nf3 O-O-O 13. Nbd2 Qg7 14. Qe1 Ne7 15.
Qg3 f5 16. Ng5 Qg6 17. Ne6 Rd7 18. h3 fxe4 19. Nxf8 Rxf8 20. Bxh6 Rxf1+ 21.
Rxf1 Qxh6 22. Qxg4 d5 23. Nxe4 Kd8 24. Nc5 Rd6 25. Nxb7+ Ke8 26. Nxd6+ Qxd6 27.
Bd3 1-0

[Event "SR 2. liga A 2006/2007"]
[Site "?"]
[Date "2007.02.04"]
[Round "9.4"]
[White "Raczko, Peter"]
[Black "Janos, Ivan"]
[Result "1/2-1/2"]
[WhiteElo "2028"]
[BlackElo "2145"]
[PlyCount "87"]
[EventDate "2006.??.??"]

1. e4 c5 2. c3 Nf6 3. e5 Nd5 4. d4 cxd4 5. cxd4 d6 6. Nf3 Nc6 7. Bc4 e6 8. O-O
Be7 9. exd6 Qxd6 10. Nc3 O-O 11. Bg5 Bxg5 12. Nxg5 Qf4 13. Nf3 Nxc3 14. bxc3 e5
15. Qc1 Qxc1 16. Raxc1 exd4 17. Nxd4 Ne5 18. Bb3 Bd7 19. f4 Nd3 20. Rcd1 Nb2
21. Rd2 Na4 22. Bxa4 Bxa4 23. Rb1 b6 24. Rb4 Bd7 25. Nb5 Bxb5 26. Rxb5 Rac8 27.
Rb3 Rc4 28. g3 Rc7 29. Kf2 Rfc8 30. Rd3 Kf8 31. Ke2 Re8+ 32. Re3 Rxe3+ 33. Kxe3
Rd7 34. Ke2 Ke7 35. Rb4 Rd5 36. Ra4 a5 37. Re4+ Kd7 38. a4 Rd6 39. Rc4 Re6+ 40.
Kf2 Rc6 41. Rd4+ Ke6 42. c4 Rd6 43. Ke3 Rc6 44. Kd3 1/2-1/2